000 00733nam a22002177a 4500
005 20250228101541.0
010 _aENG-133870 ENG-142513
020 _a9789351952602
_c399.00
020 _a9789357943512
_c599.00
035 _aEN-117402
035 _aEN-126045
037 _bDBAD
082 _a378.5456
100 _aThampu, Valson
_978808
245 _aOn a Stormy Course:
_bIn the hot seat at St. Stephen's/
_cBy Valson Thampu
260 _aGurugram
_bHachette Bok publishing india pvt. ltd.
_c2018
270 _a4th & 5th Floors, Corporate Centtre, Plot No. 94, Sector 44,
_bGurugram
_e122003
300 _a298 p.
_c21cm(pb)
_bIndex
300 _a298 p.
_c22cm(Hb)
_bIndex
942 _2ddc
_cEN
_h378.5456
_mTHA
999 _c190352
_d190352